Ученые записки (Запись № 3398573)

Подробности
000 -МАРКЕР
контрольное поле 06157nas1a22005411i 4500
001 - ИДЕНТИФИКАТОР ЗАПИСИ
контрольное поле RU\NLR\INFOCOMM15\1000136948
005 - ИДЕНТИФИКАТОР ВЕРСИИ
контрольное поле 20240726043228.0
035 ## - ДРУГИЕ СИСТЕМНЫЕ НОМЕРА
Идентификатор записи (NLR Aleph) 002595655
100 ## - ДАННЫЕ ОБЩЕЙ ОБРАБОТКИ
Данные общей обработки 20040616b19561972|||y0rusy50 ca
101 0# - ЯЗЫК РЕСУРСА
Язык текста, звукозаписи и т.д. русский
102 ## - СТРАНА ПУБЛИКАЦИИ ИЛИ ПРОИЗВОДСТВА
Страна публикации Российская Федерация
110 ## - ПОЛЕ КОДИРОВАННЫХ ДАННЫХ: ПРОДОЛЖАЮЩИЕСЯ РЕСУРСЫ
Кодированные данные продолжающегося ресурса zyu||||0|y0
200 1# - ЗАГЛАВИЕ И СВЕДЕНИЯ ОБ ОТВЕТСТВЕННОСТИ
Основное заглавие Ученые записки
Первые сведения об ответственности М-во с. х. СССР. Пенз. с.-х. ин-т
207 #1 - ОБЛАСТЬ СПЕЦИФИЧЕСКИХ СВЕДЕНИЙ: НУМЕРАЦИЯ ПРОДОЛЖАЮЩИХСЯ РЕСУРСОВ
Нумерация: даты и обозначения томов Вып.1-18
210 ## - ПУБЛИКАЦИЯ, РАСПРОСТРАНЕНИЕ И ДР.
Место издания, распространения и т.д. Пенза
Дата издания, распространения и т.д. 1956-1972
311 ## - ПРИМЕЧАНИЯ, ОТНОСЯЩИЕСЯ К ПОЛЯМ СВЯЗИ (ПРИМЕЧАНИЯ О СВЯЗИ С ДРУГИМИ ПРОИЗВЕДЕНИЯМИ (ИЗДАНИЯМИ))
Текст примечания На Вып.18 (1972) изд. прекращено. Взамен него, Трудов Сарат., Оренбург., Зап.-Казахстан. с.-х. ин-тов, Сарат. ин-та механизации сельск. хоз-ва им. М.И.Калинина и Сарат. зоовет. ин-та выходят Науч. труды Сарат. с.-х. ин-та, включающие работы сотр. всех ин-тов зоны (ш. П13/1385)
430 #1 - ПРОДОЛЖЕН
Встроенное поле 2001#$aСборник трудов Пензенского сельскохозяйственного института
Заглавие Сборник трудов Пензенского сельскохозяйственного института
430 #1 - ПРОДОЛЖЕН
Встроенное поле 2001#$aТруды Пензенского сельскохозяйственного института
Заглавие Труды Пензенского сельскохозяйственного института
440 #1 - ПРОДОЛЖАЕТСЯ ПОД ...
Встроенное поле 2001#$aНаучные труды Саратовского сельскохозяйственного института
-- 852##$aNLR$jП13/1385
Заглавие Научные труды Саратовского сельскохозяйственного института
440 #1 - ПРОДОЛЖАЕТСЯ ПОД ...
Встроенное поле 2001#$aУченые записки Пензенского сельскохозяйственного института
Заглавие Ученые записки Пензенского сельскохозяйственного института
710 02 - НАИМЕНОВАНИЕ ОРГАНИЗАЦИИ - ПЕРВИЧНАЯ ОТВЕТСТВЕННОСТЬ
Начальный элемент ввода Пензенский сельскохозяйственный институт
Код отношения Автор
801 #1 - ИСТОЧНИК ЗАПИСИ
Страна Российская Федерация
Организация InfoComm
Дата составления 20040616
801 #0 - ИСТОЧНИК ЗАПИСИ
Страна Российская Федерация
Организация NLR
Правила каталогизации PSBO
852 ## - МЕСТОНАХОЖДЕНИЕ И ШИФР ХРАНЕНИЯ
Идентификатор организации NLR
Шифр хранения (Call Number) П13/808
942 ## - ДОПОЛНИТЕЛЬНЫЕ ЭЛЕМЕНТЫ ЗАПИСИ (АБИС)
Тип экземпляра АБИС Продолжающееся издание
980 ## - КОЛЛЕКЦИЯ
Название коллекции Русская периодика

Нет доступных экземпляров.